000 00725nam a2200289Ia 4500
005 20260324112542.0
008 008 260324s9999 xx 000 0 eng d
020 _a9781003476139
037 _aEBOOK
040 _aCRL
040 _beng
040 _cCRL
041 _2eng
041 _aeng
084 _qCRL
100 _aPatrice Derrington; Rosemary Scanlon
_91143174
245 0 _a20+ Years of Urban Rebuilding
245 0 _bLessons from the Revival of Lower Manhattan after 9/11
260 _bTaylor and Francis
260 _c2024
365 _a
365 _b305
856 _uhttp://www.taylorfrancis.com/books/9781003476139
942 _cEBOOK
999 _c1732426
_d1732426